<?xml version="1.0" encoding="UTF-8"?>
<record
    xmlns:xsi="http://www.w3.org/2001/XMLSchema-instance"
    xsi:schemaLocation="http://www.loc.gov/MARC21/slim http://www.loc.gov/standards/marcxml/schema/MARC21slim.xsd"
    xmlns="http://www.loc.gov/MARC21/slim">

  <leader>00795nam a22001937a 4500</leader>
  <controlfield tag="005">20251007114641.0</controlfield>
  <datafield tag="010" ind1=" " ind2=" ">
    <subfield code="a">HIN-130472</subfield>
  </datafield>
  <datafield tag="020" ind1=" " ind2=" ">
    <subfield code="c">650.00</subfield>
    <subfield code="a">9789386535115</subfield>
  </datafield>
  <datafield tag="035" ind1=" " ind2=" ">
    <subfield code="a">HN-102818</subfield>
  </datafield>
  <datafield tag="037" ind1=" " ind2=" ">
    <subfield code="b">DBAD</subfield>
    <subfield code="a">1</subfield>
  </datafield>
  <datafield tag="082" ind1=" " ind2=" ">
    <subfield code="a">921</subfield>
    <subfield code="2">1</subfield>
  </datafield>
  <datafield tag="100" ind1=" " ind2=" ">
    <subfield code="a">&#x930;&#x93E;&#x920;&#x94C;&#x930; &#x92B;&#x93E;&#x932;&#x94D;&#x917;&#x941;&#x928;&#x940;</subfield>
    <subfield code="9">85395</subfield>
  </datafield>
  <datafield tag="245" ind1=" " ind2=" ">
    <subfield code="a">&#x915;&#x92C;&#x940;&#x930;&#x926;&#x93E;&#x938;/</subfield>
    <subfield code="c">&#x92B;&#x93E;&#x932;&#x94D;&#x917;&#x941;&#x928;&#x940; &#x930;&#x93E;&#x920;&#x94C;&#x930; </subfield>
    <subfield code="h">&#x939;&#x93F;&#x902;&#x926;&#x940;</subfield>
  </datafield>
  <datafield tag="250" ind1=" " ind2=" ">
    <subfield code="a">1</subfield>
  </datafield>
  <datafield tag="260" ind1=" " ind2=" ">
    <subfield code="a">&#x928;&#x908; &#x926;&#x93F;&#x932;&#x94D;&#x932;&#x940;</subfield>
    <subfield code="b">&#x91C;&#x935;&#x93E;&#x939;&#x930; &#x92A;&#x94D;&#x930;&#x915;&#x93E;&#x936;&#x915; &#x914;&#x930; &#x935;&#x93F;&#x924;&#x930;&#x915;</subfield>
    <subfield code="c">2017</subfield>
  </datafield>
  <datafield tag="270" ind1=" " ind2=" ">
    <subfield code="a">46, &#x938;&#x92E;&#x93E;&#x91A;&#x93E;&#x930; &#x905;&#x92A;&#x93E;&#x930;&#x94D;&#x91F;&#x92E;&#x947;&#x902;&#x91F;, &#x92E;&#x92F;&#x942;&#x930; &#x935;&#x93F;&#x939;&#x93E;&#x930;-1</subfield>
    <subfield code="b">&#x928;&#x908; &#x926;&#x93F;&#x932;&#x94D;&#x932;&#x940;</subfield>
    <subfield code="e">110091</subfield>
  </datafield>
  <datafield tag="300" ind1=" " ind2=" ">
    <subfield code="a">145 &#x92A;&#x943;&#x937;&#x94D;&#x920;.</subfield>
    <subfield code="c">22 &#x938;&#x947;&#x92E;&#x940;. (&#x938;&#x91C;&#x93F;&#x932;&#x94D;&#x926;)</subfield>
  </datafield>
  <datafield tag="942" ind1=" " ind2=" ">
    <subfield code="2">ddc</subfield>
    <subfield code="c">HN</subfield>
    <subfield code="h">921</subfield>
    <subfield code="m">&#x930;&#x93E;&#x920;&#x94C;&#x930;</subfield>
  </datafield>
  <datafield tag="999" ind1=" " ind2=" ">
    <subfield code="c">213591</subfield>
    <subfield code="d">213591</subfield>
  </datafield>
  <datafield tag="952" ind1=" " ind2=" ">
    <subfield code="0">0</subfield>
    <subfield code="1">0</subfield>
    <subfield code="4">0</subfield>
    <subfield code="7">0</subfield>
    <subfield code="a">L</subfield>
    <subfield code="b">L</subfield>
    <subfield code="d">2025-10-07</subfield>
    <subfield code="e">Delivery of Books Act Division</subfield>
    <subfield code="g">650.00</subfield>
    <subfield code="l">0</subfield>
    <subfield code="o">921 &#x930;&#x93E;&#x920;&#x94C;&#x930;</subfield>
    <subfield code="p">HN-102818</subfield>
    <subfield code="r">2025-10-07 00:00:00</subfield>
    <subfield code="t">1</subfield>
    <subfield code="v">650.00</subfield>
    <subfield code="w">2025-10-07</subfield>
    <subfield code="y">HN</subfield>
  </datafield>
</record>
